| 000 | 00936nam a2200229Ia 4500 | ||
|---|---|---|---|
| 001 | dp5/17-39661 | ||
| 003 | IT-MiCISF | ||
| 008 | 161014s9999||||xx |||||||||||||| ||und|| | ||
| 040 |
_aIT-MiCISF _cIT-MiCISF |
||
| 041 | _afr | ||
| 100 | _aVanistendael August | ||
| 240 | _aLa croissance spirituelle de l'enfant | ||
| 245 | 0 |
_aLa croissance spirituelle de l'enfant _bActes du Congrès Gènèral, 1-3 decembre, 1986 |
|
| 250 | _a1a ed. | ||
| 260 |
_a Genève _bBice _c1986 |
||
| 300 | _app. 174 | ||
| 500 | _aAnche testo in inglese. Delooz P., Tchidimbo R.M., Timiadis E., Bodet H., Coloni M.J., Hall M., Lopez J.A., Fonseca P., Mathieu M.H., Gaultier de la Perriere J., Fahim A., Cakelberg M.A., Petit B., Lafon M., etc... / infanzia, spiritualità, educazione, famiglia, pastorale, prostituzione, abuso-di-minore / documento | ||
| 650 | _apastorale-familiare | ||
| 700 | _aAA.VV. | ||
| 942 | _cBK | ||
| 957 | _71 | ||
| 999 |
_a39661 _bsi _g1 _c209062 _d209062 |
||